Marketing 2000. Marketing at break of the millenium : International Colloqium, May 17-19, 2000, Zvolen - Kováčová, Slovakia

Saved in:
Bibliographic Details
Format: Book
Published: Zvolen : Technická univerzita vo Zvolene, 2000
Subjects:
Tags: Add Tag
No Tags, Be the first to tag this record!

MARC

LEADER 00000nam a22000003a 4500
001 stu54220
005 20150408162115.6
008 000614s2000----xo----------------------d
020 |a 80-228-0915-2 
040 |a STU  |b slo 
041 0
044 |a xo 
080 |a 658.8(082) 
245 |a Marketing 2000. Marketing at break of the millenium :  |b International Colloqium, May 17-19, 2000, Zvolen - Kováčová, Slovakia 
260 |a Zvolen :  |b Technická univerzita vo Zvolene,  |c 2000 
300 |a 206 s 
650 7 |a marketing  |2 estusub 
996 |b 284M009214  |c M*Z-1635  |l MMKN  |s A  |a 24  |w stu54220_0001